Apprasial of the Maharashtra development corporation (Record no. 501333)

000 -LEADER
fixed length control field 00420cam a22001217a 4500
008 - FIXED-LENGTH DATA ELEMENTS--GENERAL INFORMATION
fixed length control field 180718b1984 xxu||||| |||| 00| 0 eng d
082 ## - DEWEY DECIMAL CLASSIFICATION NUMBER
Classification number APPPA 83-84 NAR/Ps
100 ## - MAIN ENTRY--PERSONAL NAME
Personal name Narayanaswami, P.S.
245 ## - TITLE STATEMENT
Title Apprasial of the Maharashtra development corporation
Statement of responsibility, etc. by P.S. Narayanaswami
260 ## - PUBLICATION, DISTRIBUTION, ETC.
Place of publication, distribution, etc. New Delhi
Name of publisher, distributor, etc. Indian Institute of Public Administration
Date of publication, distribution, etc. 1984
300 ## - PHYSICAL DESCRIPTION
Extent 58p.
650 ## - SUBJECT ADDED ENTRY--TOPICAL TERM
Topical term or geographic name entry element Maharashtra development corporation
Holdings
Withdrawn status Lost status Damaged status Not for loan Permanent Location Current Location Date acquired Full call number Barcode Date last seen Price effective from Koha item type
        Indian Institute of Public Administration Indian Institute of Public Administration 2018-08-04 APPPA 83-84 NAR/Ps GR11394 2018-08-04 2018-08-04 GR

Powered by Koha